000 00284nam a2200121Ia 4500
008 191201s2017 xx 000 0 und d
100 _aGONZALEZ, Rafael C
245 0 _aDigital Image Processing
260 _bPearson
_c2017
300 _a954
650 _aB.Tech(ECE)
942 _2ddc
_cBK
999 _c6743
_d6743